Loading...
| Auditory Arts | 6 | 15.00 | 100% | 33% | 17% |
| Beliefs | 9 | 15.56 | 89% | 44% | 22% |
| Current Events | 2 | 15.00 | 100% | 50% | 0% |
| Fine Arts - Other Arts | 4 | 17.50 | 75% | 100% | 0% |
| Geography | 1 | 20.00 | 100% | 100% | 0% |
| History - American History | 2 | 20.00 | 100% | 0% | 100% |
| History - Ancient History | 3 | 16.67 | 67% | 33% | 67% |
| History - European History | 4 | 17.50 | 100% | 75% | 0% |
| History - Other History | 2 | 15.00 | 100% | 50% | 0% |
| History - World History | 3 | 16.67 | 100% | 33% | 33% |
| Literature - American Literature | 5 | 12.00 | 100% | 0% | 20% |
| Literature - British Literature | 7 | 11.43 | 86% | 29% | 0% |
| Literature - European Literature | 1 | 0.00 | 0% | 0% | 0% |
| Literature - World Literature | 5 | 10.00 | 100% | 0% | 0% |
| Philosophy | 3 | 6.67 | 33% | 33% | 0% |
| Science - Biology | 6 | 11.67 | 100% | 17% | 0% |
| Science - Chemistry | 4 | 10.00 | 100% | 0% | 0% |
| Science - Other Science | 4 | 17.50 | 100% | 50% | 25% |
| Science - Physics | 4 | 17.50 | 100% | 75% | 0% |
| Social Science | 5 | 12.00 | 100% | 20% | 0% |
| Visual Arts | 6 | 13.33 | 100% | 17% | 17% |